| 000 | 00459cam a2200181ua 4500 | ||
|---|---|---|---|
| 001 | 648 | ||
| 008 | 110421n ii |||gr||||Z||||||eng | ||
| 040 | _cMAIN | ||
| 082 | _a320.5 | ||
| 245 |
_aHistory of western political thought _cby H.R. Mukhi |
||
| 250 | _a10th. | ||
| 260 |
_aDelhi: _bSBD publishers distributors,999. |
||
| 300 |
_axi, 653p.: _c60cm. |
||
| 653 | _aPolitical science | ||
| 653 | _aPolitical thought | ||
| 700 | _aMukhi, H.R., | ||
| 942 | _cBK | ||
| 999 |
_c577 _d577 |
||